Bases pedagógicas de la evaluación: guía práctica para educadores

সংরক্ষণ করুন:
গ্রন্থ-পঞ্জীর বিবরন
প্রধান লেখক: García Ramos, José Manuel (Author)
বিন্যাস: গ্রন্থ
ভাষা:স্প্যানিশ
প্রকাশিত: Madrid Síntesis S. A 2000
সংস্করন:1a. ed
মালা:Aplicación en el Aula, 2
বিষয়গুলি:
ট্যাগগুলো: ট্যাগ যুক্ত করুন
কোনো ট্যাগ নেই, প্রথমজন হিসাবে ট্যাগ করুন!

MARC

LEADER 00000cam a2200000 a 4500
001 UCC4828
003 CL-VaPUC
008 180831e20000000sp |||||||||||||||||spa|d
020 |a 8477380554 
082 0 4 |a 371.26  |b GAR  |2 21 
100 0 |a García Ramos, José Manuel  |e author  |9 599025 
245 1 0 |a Bases pedagógicas de la evaluación: guía práctica para educadores 
250 |a 1a. ed 
300 |a 176 p 
942 |c BK 
945 |d 20180831 12:04:00  |a dcastane 
260 |a Madrid  |b Síntesis S. A  |c 2000 
650 0 |a Evaluación de la educación   |9 237505 
650 0 |a Evaluación docente  |9 382859 
583 |a last modification  |c 20180831 12:04:00  |k Rodrigo Vera 
490 0 |a Aplicación en el Aula, 2 
999 |c 372214  |d 372212